[Event "DEM U14 2012"]
[Site "Oberhof GER"]
[Date "2012.05.31"]
[Round "7"]
[White "Kollars, Dmitrij"]
[Black "Keller, Peter"]
[Result "1/2-1/2"]
[Termination "normal"]
[Board "4"]
[WhiteElo "2005"]
[BlackElo "1931"]
[PlyCount "108"]
[WhiteFideId "12909572"]
[BlackFideId "1272105"]
[EventCountry "GER"]
[EventRounds "9"]
[EventType "swiss"]
[EventDate "2012.05.26"]

1. e4 e5 2. Nf3 Nc6 3. d4 exd4 4. Nxd4 Nf6 5. Nxc6 bxc6 6. e5 Qe7 7. Qe2 Nd5 8.
c4 Nb6 9. Nc3 Ba6 10. Qe4 f6 11. exf6 Qxe4+ 12. Nxe4 Bxc4 13. Bxc4 Nxc4 14. b3
Nd6 15. Nxd6+ cxd6 16. Bb2 Kf7 17. fxg7 Re8+ 18. Kd2 Bxg7 19. Bxg7 Kxg7 20.
Rhe1 Re5 21. f4 Rd5+ 22. Kc3 Kf7 23. Re2 Re8 24. Rxe8 Kxe8 25. g4 Rc5+ 26. Kd3
Rd5+ 27. Ke3 Rc5 28. Re1 Kf7 29. Re2 Rc1 30. Rf2 d5 31. f5 Rg1 32. Kf4 Kf6 33.
h4 h6 34. b4 Re1 35. g5+ hxg5+ 36. hxg5+ Kf7 37. Rh2 Rf1+ 38. Ke5 Re1+ 39. Kf4
Rf1+ 40. Ke5 d6+ 41. Kxd6 Rxf5 42. Rh7+ Kg6 43. Rxa7 Rf4 44. Kxc6 Rxb4 45. Kxd5
Kxg5 46. Kc5 Rb1 47. a4 Kf6 48. Rd7 Ke6 49. Rd2 Rc1+ 50. Kb6 Rb1+ 51. Ka6 Rb3
52. a5 Rb1 53. Ka7 Rb3 54. a6 Rb1 1/2-1/2

[Event "DEM U14 2012"]
[Site "Oberhof GER"]
[Date "2012.05.31"]
[Round "7"]
[White "Peczely, Sebastian Zsombor"]
[Black "Schmidt, Tobias"]
[Result "1-0"]
[Termination "normal"]
[Board "5"]
[WhiteElo "2053"]
[BlackElo "1735"]
[PlyCount "75"]
[WhiteFideId "750964"]
[BlackFideId "1271683"]
[EventCountry "GER"]
[EventRounds "9"]
[EventType "swiss"]
[EventDate "2012.05.26"]

1. e4 e6 2. d4 d5 3. Nc3 Bb4 4. e5 c5 5. a3 Bxc3+ 6. bxc3 Qc7 7. Qg4 Ne7 8.
Qxg7 Rg8 9. Qxh7 cxd4 10. Ne2 Nbc6 11. f4 Bd7 12. Qd3 dxc3 13. Nxc3 a6 14. Rb1
Na5 15. Bd2 Rc8 16. Ne2 Bb5 17. Rxb5 axb5 18. Qxb5+ Nac6 19. Ng3 Rh8 20. Bd3
Kf8 21. Qb2 Rd8 22. O-O d4 23. Qa2 Nd5 24. f5 exf5 25. Bg5 Nce7 26. Bxe7+ Nxe7
27. Bxf5 Nxf5 28. Rxf5 Kg7 29. Qb3 Rhe8 30. Nh5+ Kf8 31. Qg3 Qc4 32. Qg7+ Ke7
33. Qg5+ f6 34. Nxf6 Qxc2 35. Nxe8+ Kxe8 36. Qg6+ Kd7 37. Rf7+ Kc8 38. Qxc2+
1-0

[Event "DEM U14 2012"]
[Site "Oberhof GER"]
[Date "2012.05.31"]
[Round "7"]
[White "Bach, Jannik"]
[Black "Grunau, Christoph"]
[Result "1-0"]
[Termination "normal"]
[Board "6"]
[WhiteElo "1826"]
[BlackElo "1927"]
[PlyCount "75"]
[WhiteFideId "24615900"]
[BlackFideId "12929760"]
[EventCountry "GER"]
[EventRounds "9"]
[EventType "swiss"]
[EventDate "2012.05.26"]

1. e4 c5 2. Nf3 e6 3. d3 Nc6 4. Nbd2 d6 5. g3 Nf6 6. Bg2 Be7 7. O-O O-O 8. Re1
e5 9. Nf1 Be6 10. Ne3 b5 11. c3 Qb6 12. Nd2 Nd8 13. a4 Qa6 14. f4 Rb8 15. f5
Bd7 16. g4 h6 17. h4 Nh7 18. g5 hxg5 19. Nd5 Re8 20. Nc7 Qa5 21. Nxe8 Bxe8 22.
hxg5 Bxg5 23. Qh5 Be7 24. Kf2 g6 25. Qh3 Bf6 26. Rh1 Nf8 27. Nf3 Nd7 28. Qh7+
Kf8 29. Bh6+ Ke7 30. fxg6 Nf8 31. g7 Nxh7 32. g8=Q bxa4 33. Rab1 a3 34. bxa3
Rxb1 35. Rxb1 Qxc3 36. Rb8 Qc2+ 37. Kg1 Qc1+ 38. Bxc1 1-0

[Event "DEM U14 2012"]
[Site "Oberhof GER"]
[Date "2012.05.31"]
[Round "7"]
[White "Pfreundt, Jakob"]
[Black "Sabirov, Ramil"]
[Result "1/2-1/2"]
[Termination "normal"]
[Board "7"]
[WhiteElo "1828"]
[BlackElo "1784"]
[PlyCount "92"]
[WhiteFideId "12918156"]
[BlackFideId "12900303"]
[EventCountry "GER"]
[EventRounds "9"]
[EventType "swiss"]
[EventDate "2012.05.26"]

1. d4 Nf6 2. Nf3 g6 3. c4 Bg7 4. Nc3 d5 5. e3 O-O 6. Qb3 e6 7. Bd2 b6 8. cxd5
exd5 9. Qa3 Bb7 10. Rc1 c6 11. Be2 Re8 12. O-O Nbd7 13. Rfd1 Nf8 14. Be1 Ne6
15. Ne5 Nd7 16. Nf3 Qe7 17. Qa4 a5 18. Bf1 f5 19. g3 b5 20. Qc2 a4 21. b4 Ng5
22. Nxg5 Qxg5 23. Ne2 Qe7 24. Nf4 g5 25. Nd3 Qf7 26. Bh3 Re6 27. Nc5 Nxc5 28.
dxc5 g4 29. Bf1 Rh6 30. Be2 Qh5 31. h4 Bf6 32. Bf1 Re8 33. Bg2 Bc8 34. Bc3 Bd8
35. Qb2 Bc7 36. Bf6 Qf7 37. Bg5 Be5 38. Rd4 Rhe6 39. Bf4 Bxd4 40. Qxd4 Qg7 41.
Rd1 Re4 42. Bxe4 Rxe4 43. Qxg7+ Kxg7 44. Rd4 Kf7 45. Kf1 Ke6 46. Ke2 h5 1/2-1/2

[Event "DEM U14 2012"]
[Site "Oberhof GER"]
[Date "2012.05.31"]
[Round "7"]
[White "Janke, Hendrik"]
[Black "Herzum, Peter"]
[Result "1/2-1/2"]
[Termination "normal"]
[Board "8"]
[WhiteElo "1753"]
[BlackElo "1783"]
[PlyCount "78"]
[WhiteFideId "12921831"]
[BlackFideId "12919217"]
[EventCountry "GER"]
[EventRounds "9"]
[EventType "swiss"]
[EventDate "2012.05.26"]

1. e4 c5 2. Nc3 Nc6 3. g3 g6 4. Bg2 Bg7 5. d3 d6 6. Be3 e6 7. Nge2 Nd4 8. Qd2
Rb8 9. Nd1 Ne7 10. c3 Nxe2 11. Qxe2 O-O 12. h4 b5 13. h5 b4 14. hxg6 fxg6 15.
Qd2 Qa5 16. Bh6 bxc3 17. bxc3 Rf7 18. Bxg7 Rxg7 19. Kf1 d5 20. Qf4 Qb5 21. Kg1
Rf7 22. Qe5 Nc6 23. Qd6 d4 24. e5 Rb6 25. a4 Qa5 26. Bxc6 Bd7 27. Qxd7 Rxd7 28.
Bxd7 Qa6 29. c4 Rb3 30. Rh4 Rxd3 31. Rf4 Qxc4 32. Bb5 Qc2 33. Bxd3 Qxd3 34. Rc1
Qd2 35. Rb1 Qc2 36. Rb8+ Kg7 37. Nb2 d3 38. Rbf8 Qxb2 39. R8f7+ Kg8 1/2-1/2

[Event "DEM U14 2012"]
[Site "Oberhof GER"]
[Date "2012.05.31"]
[Round "7"]
[White "Riehle, Marco"]
[Black "Perske, Thore"]
[Result "1-0"]
[Termination "normal"]
[Board "10"]
[WhiteElo "1835"]
[BlackElo "2073"]
[PlyCount "119"]
[WhiteFideId "12904392"]
[BlackFideId "12902195"]
[EventCountry "GER"]
[EventRounds "9"]
[EventType "swiss"]
[EventDate "2012.05.26"]

1. e4 e6 2. d4 d5 3. exd5 exd5 4. c4 Bb4+ 5. Nc3 Nf6 6. Bg5 O-O 7. Nf3 dxc4 8.
Bxc4 Qe8+ 9. Qe2 Ne4 10. O-O Nxg5 11. Nxg5 Qxe2 12. Bxe2 h6 13. Nge4 Bf5 14.
Bd3 Nd7 15. Nd5 Bxe4 16. Bxe4 Bd6 17. Rac1 c6 18. Ne3 Nf6 19. Bf3 Bf4 20. g3
Bg5 21. Bg2 Bxe3 22. fxe3 Rfe8 23. Rfe1 Rad8 24. Rcd1 Ne4 25. Bxe4 Rxe4 26. Kf2
f5 27. Kf3 Kf7 28. h3 Ke6 29. Rc1 Rd5 30. g4 g5 31. b4 Kf6 32. Rc5 Rxc5 33.
bxc5 Re7 34. Rb1 Ke6 35. e4 f4 36. h4 Rd7 37. Rb4 Kf6 38. e5+ Ke6 39. Ke4 Rf7
40. Rb3 Rg7 41. hxg5 hxg5 42. Rh3 Rf7 43. Rh6+ Ke7 44. Kf3 Kf8 45. a4 Kg7 46.
Rh5 Kg6 47. a5 a6 48. Rh8 Kg7 49. Rh1 Kg6 50. Rb1 Rd7 51. Ke4 Re7 52. Rb2 Kg7
53. Kf5 Rf7+ 54. Kxg5 f3 55. Rf2 Kf8 56. e6 Rg7+ 57. Kf5 Ke7 58. Rxf3 Rg8 59.
Rb3 Rf8+ 60. Ke5 1-0

[Event "DEM U14 2012"]
[Site "Oberhof GER"]
[Date "2012.05.31"]
[Round "7"]
[White "Hirschmann, Jakob"]
[Black "Flüchter, Gregor"]
[Result "1/2-1/2"]
[Termination "normal"]
[Board "11"]
[WhiteElo "1876"]
[BlackElo "1961"]
[PlyCount "96"]
[WhiteFideId "24652067"]
[BlackFideId "12903396"]
[EventCountry "GER"]
[EventRounds "9"]
[EventType "swiss"]
[EventDate "2012.05.26"]

1. e4 c5 2. Ne2 d6 3. g3 Nf6 4. Bg2 Nc6 5. c3 g6 6. d4 cxd4 7. cxd4 Bg7 8. O-O
O-O 9. Nbc3 Bd7 10. h3 Rc8 11. Be3 b6 12. Rc1 Na5 13. b3 b5 14. e5 Ne8 15. f4
b4 16. Ne4 d5 17. Nc5 e6 18. Bd2 Nc6 19. Rc2 a5 20. Be3 Na7 21. Bc1 Qe7 22. Bb2
Nc7 23. Nc1 Ncb5 24. N1d3 Nc6 25. Nxd7 Qxd7 26. Nc5 Qe7 27. Qd3 Nca7 28. Rfc1
Rc7 29. Bf1 Rfc8 30. Qd2 Qe8 31. Na4 Rxc2 32. Rxc2 Rxc2 33. Qxc2 Qb8 34. Kf2
Bf8 35. Ke3 Qb7 36. g4 Qd7 37. Bd3 Bh6 38. Kf3 Qe7 39. Bxb5 Nxb5 40. Qc8+ Bf8
41. Qa6 Qh4 42. Qxb5 Qxh3+ 43. Kf2 Qxg4 44. Bc1 Qh4+ 45. Kg2 Qg4+ 46. Kf2 Qh4+
47. Kg2 Qg4+ 48. Kf2 Qh4+ 1/2-1/2

[Event "DEM U14 2012"]
[Site "Oberhof GER"]
[Date "2012.05.31"]
[Round "7"]
[White "Mager, Denis"]
[Black "Müller, Constantin"]
[Result "1/2-1/2"]
[Termination "normal"]
[Board "12"]
[WhiteElo "1944"]
[BlackElo "1921"]
[PlyCount "140"]
[WhiteFideId "24691127"]
[BlackFideId "24697630"]
[EventCountry "GER"]
[EventRounds "9"]
[EventType "swiss"]
[EventDate "2012.05.26"]

1. d4 Nf6 2. c4 c6 3. Nf3 d5 4. e3 a6 5. Bd3 Bg4 6. Nbd2 e6 7. b3 Nbd7 8. Bb2
Bd6 9. Qc2 Qb8 10. h3 Bh5 11. O-O O-O 12. Qc3 Bg6 13. Bxg6 hxg6 14. Ne5 Bc7 15.
f4 Qd8 16. c5 Nxe5 17. fxe5 Nd7 18. e4 b6 19. b4 bxc5 20. bxc5 Ba5 21. Qe3 Bxd2
22. Qxd2 dxe4 23. Qe2 f5 24. exf6 Nxf6 25. Bc3 Qd5 26. Qe3 Qc4 27. Ba5 Rf7 28.
Rf2 Rb8 29. Raf1 Rbf8 30. Be1 Rd8 31. Bc3 Rdf8 32. Be1 Qd5 33. Bc3 Ne8 34. Rxf7
Rxf7 35. Rd1 Nf6 36. Qe2 Qh5 37. Re1 Qxe2 38. Rxe2 Rb7 39. Ba5 Rb1+ 40. Kf2 Rd1
41. Bd2 Nd5 42. Be3 Rd3 43. g4 Nc3 44. Rd2 Rxd2+ 45. Bxd2 Nd5 46. g5 Kf7 47.
Bc1 Ke7 48. a4 e5 49. dxe5 Ke6 50. Bb2 Kf5 51. h4 Kg4 52. e6 Kf5 53. e7 Nxe7
54. Kg3 Nd5 55. Bxg7 Nf4 56. Bf8 Nd3 57. Bd6 a5 58. Be7 Ke6 59. Bf8 Nb2 60. Bg7
Nxa4 61. Bd4 Kf5 62. Kf2 Kg4 63. Ke3 Kxh4 64. Kxe4 Kxg5 65. Ke5 Kg4 66. Kd6 Kf4
67. Kxc6 Ke4 68. Ba1 g5 69. Kb5 Nxc5 70. Kxc5 g4 1/2-1/2

[Event "DEM U14 2012"]
[Site "Oberhof GER"]
[Date "2012.05.31"]
[Round "7"]
[White "Geldner, Gerrit"]
[Black "Böhning, Kilian"]
[Result "0-1"]
[Termination "normal"]
[Board "13"]
[WhiteElo "1708"]
[BlackElo "1754"]
[PlyCount "100"]
[WhiteFideId "24678929"]
[BlackFideId "1270499"]
[EventCountry "GER"]
[EventRounds "9"]
[EventType "swiss"]
[EventDate "2012.05.26"]

1. c4 d6 2. d4 Nf6 3. Nc3 g6 4. Nf3 Bg7 5. e4 O-O 6. Be2 Nfd7 7. Be3 c6 8. Qd2
Re8 9. O-O Na6 10. Rfd1 Qc7 11. Rac1 c5 12. Nd5 Qb8 13. Bg5 f6 14. Bh6 b6 15.
Bxg7 Kxg7 16. a3 Bb7 17. Bd3 e6 18. Nc3 Nf8 19. d5 e5 20. Qc2 Bc8 21. Nd2 Bd7
22. a4 Nb4 23. Qb1 Re7 24. f3 a5 25. b3 Rf7 26. Na2 Qd8 27. Rf1 g5 28. Nxb4
cxb4 29. Rf2 Bc8 30. Nf1 Nd7 31. Ne3 Nc5 32. Rcf1 h5 33. h3 Qh8 34. Nf5+ Bxf5
35. exf5 Qh6 36. Bc2 Rh8 37. Qc1 Kf8 38. Re2 Rg7 39. Kh2 Qh7 40. Rg1 Rhg8 41.
Rge1 Re7 42. Qe3 g4 43. h4 e4 44. Qf4 g3+ 45. Kh1 Re5 46. Rf1 exf3 47. Qxf3 Rg4
48. Kg1 Qe7 49. Rxe5 Qxe5 50. Qd1 Qe3+ 0-1

[Event "DEM U14 2012"]
[Site "Oberhof GER"]
[Date "2012.05.31"]
[Round "7"]
[White "Müller, Max"]
[Black "Tesch, Davy"]
[Result "1-0"]
[Termination "normal"]
[Board "14"]
[WhiteElo "1648"]
[BlackElo "1692"]
[PlyCount "75"]
[WhiteFideId "12900486"]
[BlackFideId "24679917"]
[EventCountry "GER"]
[EventRounds "9"]
[EventType "swiss"]
[EventDate "2012.05.26"]

1. Nf3 d5 2. g3 c6 3. Bg2 Nf6 4. O-O Bf5 5. c4 e6 6. d4 Bd6 7. Nc3 Nbd7 8. cxd5
exd5 9. Re1 O-O 10. Nh4 Bg6 11. Nxg6 hxg6 12. Bg5 Qb6 13. Rb1 Rfe8 14. Bxf6
Nxf6 15. e3 Rac8 16. a3 Ne4 17. Nxe4 dxe4 18. b4 a6 19. Qc2 f5 20. Bf1 Rc7 21.
Bc4+ Kh7 22. Qe2 Kh6 23. f4 exf3 24. Qxf3 Rce7 25. g4 f4 26. g5+ Kxg5 27. h4+
Kh6 28. Qg4 Rxe3 29. Rxe3 Rxe3 30. Qc8 Kh5 31. Qh8+ Kg4 32. Qxg7 Qd8 33. Qxg6+
Kxh4 34. Qh6+ Kg4 35. Be6+ Kf3 36. Qh1+ Ke2 37. Qg2+ Kd3 38. Rd1+ 1-0

[Event "DEM U14 2012"]
[Site "Oberhof GER"]
[Date "2012.05.31"]
[Round "7"]
[White "Berkov, Mikhail"]
[Black "Bardosch, Karl"]
[Result "1/2-1/2"]
[Termination "normal"]
[Board "15"]
[WhiteElo "1815"]
[BlackElo "1656"]
[PlyCount "96"]
[WhiteFideId "24678783"]
[BlackFideId "24696480"]
[EventCountry "GER"]
[EventRounds "9"]
[EventType "swiss"]
[EventDate "2012.05.26"]

1. e4 c5 2. c3 d5 3. exd5 Qxd5 4. d4 Nc6 5. Nf3 Bg4 6. Be2 cxd4 7. cxd4 Nf6 8.
Nc3 Qa5 9. O-O e6 10. Qb3 Qb4 11. Qxb4 Bxb4 12. h3 Bxf3 13. Bxf3 Nxd4 14. Bxb7
Rb8 15. Ba6 O-O 16. Bf4 Rb6 17. Bd3 Bd6 18. Be3 e5 19. Rab1 Rb7 20. Ba6 Rb6 21.
Bc4 Rc8 22. b3 Bb8 23. Bxd4 exd4 24. Nb5 Rd8 25. Rbd1 Ra6 26. a4 Rb6 27. Rfe1
Kf8 28. Rxd4 Rxd4 29. Nxd4 Ne8 30. Nf3 Nd6 31. Ne5 Rb7 32. Bd5 Re7 33. Kf1 Nc8
34. Nc6 Rxe1+ 35. Kxe1 Bc7 36. Bc4 a5 37. Ke2 Ne7 38. Nd4 Bb6 39. Kd3 Ng6 40.
Ke4 Nf4 41. Bf1 Ne6 42. Nxe6+ fxe6 43. f4 Ke7 44. Kd3 Bc5 45. Kc4 Bb4 46. Bd3
h6 47. Kd4 Kf6 48. g4 Bd2 1/2-1/2

[Event "DEM U14 2012"]
[Site "Oberhof GER"]
[Date "2012.06.01"]
[Round "8"]
[White "Bach, Jannik"]
[Black "Schröder, Jan-Christian"]
[Result "1/2-1/2"]
[Termination "normal"]
[Board "1"]
[WhiteElo "1826"]
[BlackElo "2306"]
[PlyCount "81"]
[WhiteFideId "24615900"]
[BlackFideId "24662259"]
[EventCountry "GER"]
[EventRounds "9"]
[EventType "swiss"]
[EventDate "2012.05.26"]

1. e4 e5 2. Nf3 Nc6 3. Bc4 Nf6 4. Ng5 d5 5. exd5 Na5 6. Bb5+ c6 7. dxc6 bxc6 8.
Bd3 Be7 9. Nc3 h6 10. Nf3 Bd6 11. O-O O-O 12. Re1 Qc7 13. Bf1 Bg4 14. h3 Bh5
15. d3 Rad8 16. g4 Bg6 17. Nh4 Bh7 18. Bg2 Nd5 19. Nf5 Nxc3 20. bxc3 Bxf5 21.
gxf5 Be7 22. Qg4 Kh8 23. Be3 Bf6 24. Be4 Rb8 25. Rab1 Rb5 26. Rb4 Rfb8 27. Reb1
a6 28. a4 R5b7 29. Qh5 Kh7 30. Bc5 Rxb4 31. Rxb4 Nb7 32. Bb6 Qd7 33. Qf3 Rc8
34. Rc4 Nd6 35. Rc5 Nxe4 36. Qxe4 Qd6 37. a5 Kg8 38. Kg2 Qd7 39. Kh2 Be7 40.
Rc4 Bd6 41. Kg2 1/2-1/2

[Event "DEM U14 2012"]
[Site "Oberhof GER"]
[Date "2012.06.01"]
[Round "8"]
[White "Grigorian, Spartak"]
[Black "Bilchinski, Anton"]
[Result "1-0"]
[Termination "normal"]
[Board "2"]
[WhiteElo "2078"]
[BlackElo "1837"]
[PlyCount "89"]
[WhiteFideId "24661490"]
[BlackFideId "24615765"]
[EventCountry "GER"]
[EventRounds "9"]
[EventType "swiss"]
[EventDate "2012.05.26"]

1. d4 Nf6 2. c4 g6 3. Nc3 Bg7 4. e4 d6 5. Nf3 O-O 6. Be2 e5 7. O-O Nc6 8. d5
Ne7 9. Ne1 Nd7 10. Be3 f5 11. f3 f4 12. Bf2 Nf6 13. c5 g5 14. Rc1 Bd7 15. Qb3
b6 16. cxd6 cxd6 17. Qa3 Nc8 18. Bb5 Bxb5 19. Nxb5 Ne8 20. Nd3 Qd7 21. Qa6 Bf6
22. Rc3 Bd8 23. Rfc1 Ne7 24. Nb4 Rf7 25. Nc6 Nxc6 26. dxc6 Qc8 27. Qxc8 Rxc8
28. c7 Bxc7 29. Nxa7 Ra8 30. Nb5 Bd8 31. Rc8 Rxc8 32. Rxc8 Rd7 33. Nc3 Kf7 34.
Rb8 Nf6 35. Bxb6 Bxb6+ 36. Rxb6 d5 37. Nxd5 Nxd5 38. exd5 Rxd5 39. a4 Ke7 40.
Kf1 Rd2 41. a5 Kd7 42. a6 Rd1+ 43. Ke2 Ra1 44. Rh6 Kc8 45. Kd3 1-0

[Event "DEM U14 2012"]
[Site "Oberhof GER"]
[Date "2012.06.01"]
[Round "8"]
[White "Peczely, Sebastian Zsombor"]
[Black "Sawlin, Leonid"]
[Result "0-1"]
[Termination "normal"]
[Board "3"]
[WhiteElo "2053"]
[BlackElo "1925"]
[PlyCount "86"]
[WhiteFideId "750964"]
[BlackFideId "4689542"]
[EventCountry "GER"]
[EventRounds "9"]
[EventType "swiss"]
[EventDate "2012.05.26"]

1. e4 e6 2. d4 d5 3. Nc3 Nf6 4. e5 Nfd7 5. f4 c5 6. Nf3 Nc6 7. Be3 a6 8. Qd2 b5
9. a3 Be7 10. Qf2 O-O 11. g3 f6 12. Bh3 Nb6 13. exf6 Bxf6 14. O-O Nc4 15. Nd1
cxd4 16. Bxd4 Nxd4 17. Nxd4 Bxd4 18. Qxd4 e5 19. fxe5 Bxh3 20. Rxf8+ Qxf8 21.
Qxd5+ Kh8 22. Nf2 Rd8 23. Qb7 Be6 24. Nd3 Bd5 25. Qc7 Rc8 26. Qd7 Nb6 27. Qg4
Rxc2 28. Qf4 Rg2+ 29. Kf1 Qxf4+ 30. Nxf4 Rxh2 31. Nxd5 Nxd5 32. Kg1 Re2 33. Rc1
h6 34. Rc6 Rxe5 35. Rxa6 Re2 36. Rd6 Ne3 37. Rd8+ Kh7 38. Re8 Rg2+ 39. Kh1 Rxg3
40. Re5 Nc4 41. Rxb5 Nd2 42. Rd5 Nf3 43. Rd1 h5 0-1

[Event "DEM U14 2012"]
[Site "Oberhof GER"]
[Date "2012.06.01"]
[Round "8"]
[White "Pfreundt, Jakob"]
[Black "Kollars, Dmitrij"]
[Result "1/2-1/2"]
[Termination "normal"]
[Board "4"]
[WhiteElo "1828"]
[BlackElo "2005"]
[PlyCount "67"]
[WhiteFideId "12918156"]
[BlackFideId "12909572"]
[EventCountry "GER"]
[EventRounds "9"]
[EventType "swiss"]
[EventDate "2012.05.26"]

1. d4 Nf6 2. Nf3 g6 3. c4 Bg7 4. Nc3 O-O 5. Bg5 d6 6. e3 Nbd7 7. Be2 e5 8. Qc2
c6 9. Rd1 Qc7 10. O-O Re8 11. dxe5 dxe5 12. Nd2 Nf8 13. Nde4 Nxe4 14. Nxe4 Bf5
15. g4 Bxe4 16. Qxe4 Ne6 17. Bh4 Nc5 18. Qc2 a5 19. f3 Qb6 20. Rd2 Ne6 21. Bf2
Rad8 22. Rfd1 Rxd2 23. Rxd2 Rd8 24. Rxd8+ Qxd8 25. Kg2 Qb6 26. b3 Qc5 27. Qd3
b6 28. h4 Qa3 29. Qd2 Qe7 30. Qc2 Bf6 31. Qe4 Qd7 32. Qd3 Qe7 33. Qe4 Qd7 34.
Qd3 1/2-1/2

[Event "DEM U14 2012"]
[Site "Oberhof GER"]
[Date "2012.06.01"]
[Round "8"]
[White "Sabirov, Ramil"]
[Black "Niegsch, Nicolas"]
[Result "1-0"]
[Termination "normal"]
[Board "5"]
[WhiteElo "1784"]
[BlackElo "1687"]
[PlyCount "127"]
[WhiteFideId "12900303"]
[BlackFideId "12932140"]
[EventCountry "GER"]
[EventRounds "9"]
[EventType "swiss"]
[EventDate "2012.05.26"]

1. Nf3 Nc6 2. d4 d5 3. g3 Bf5 4. c3 e6 5. Bg2 Bd6 6. O-O h6 7. Re1 Nf6 8. Qb3
Na5 9. Qa4+ c6 10. Nbd2 b5 11. Qd1 O-O 12. b3 c5 13. Nh4 Bh7 14. e4 cxd4 15.
cxd4 Bb4 16. e5 Ne4 17. Bxe4 dxe4 18. Bb2 Nc6 19. a3 Bxd2 20. Qxd2 Nxe5 21. Bc3
Nd3 22. Red1 Qd5 23. Rab1 Rfc8 24. Ng2 Rc6 25. Ne3 Qd7 26. Bb2 Rac8 27. Qa5 a6
28. a4 Qc7 29. Qxc7 R6xc7 30. d5 e5 31. Kf1 f5 32. d6 Rd7 33. Rxd3 exd3 34.
Bxe5 Re8 35. f4 Rb8 36. a5 b4 37. Nc4 Rb5 38. Rd1 Rd5 39. Kf2 Kf7 40. Ke3 Ke6
41. Rxd3 Rxd3+ 42. Kxd3 Bg8 43. Kd4 Rb7 44. Nb6 Bf7 45. Kc5 g6 46. Kc6 Ra7 47.
d7 Rxd7 48. Nxd7 Be8 49. Kb6 Kxd7 50. Kxa6 Kc6 51. Ka7 Bf7 52. a6 Kb5 53. Kb7
Bd5+ 54. Kc7 Kxa6 55. Kd6 Bxb3 56. Ke7 Bd1 57. Kf6 Bh5 58. Kg7 Kb5 59. Kxh6 Bg4
60. Kxg6 Kc4 61. h4 Kd5 62. h5 Bxh5+ 63. Kxh5 Ke6 64. Kg6 1-0

[Event "DEM U14 2012"]
[Site "Oberhof GER"]
[Date "2012.06.01"]
[Round "8"]
[White "Grunau, Christoph"]
[Black "Keller, Peter"]
[Result "1-0"]
[Termination "normal"]
[Board "6"]
[WhiteElo "1927"]
[BlackElo "1931"]
[PlyCount "71"]
[WhiteFideId "12929760"]
[BlackFideId "1272105"]
[EventCountry "GER"]
[EventRounds "9"]
[EventType "swiss"]
[EventDate "2012.05.26"]

1. e4 e5 2. Nf3 Nc6 3. Bb5 a6 4. Ba4 Nf6 5. O-O Be7 6. Re1 b5 7. Bb3 d6 8. c3
O-O 9. h3 Na5 10. Bc2 c5 11. d4 Nd7 12. b3 exd4 13. cxd4 Nc6 14. Nc3 Nxd4 15.
Nxd4 cxd4 16. Nd5 Bf6 17. Nxf6+ Qxf6 18. Bb2 Ne5 19. Bxd4 Bb7 20. Qd2 Qd8 21.
f4 Ng6 22. Re2 Rc8 23. Rf1 f6 24. Bb2 Qb6+ 25. Kh2 Rfd8 26. g3 a5 27. h4 d5 28.
Bd4 Qc7 29. e5 fxe5 30. fxe5 b4 31. Rf5 Ne7 32. Rh5 Ng6 33. Qg5 Qc6 34. e6 Qe8
35. Rxh7 Rxc2 36. Rxg7+ 1-0

[Event "DEM U14 2012"]
[Site "Oberhof GER"]
[Date "2012.06.01"]
[Round "8"]
[White "Baskin, Robert"]
[Black "Riehle, Marco"]
[Result "1-0"]
[Termination "normal"]
[Board "7"]
[WhiteElo "2068"]
[BlackElo "1835"]
[PlyCount "97"]
[WhiteFideId "24662402"]
[BlackFideId "12904392"]
[EventCountry "GER"]
[EventRounds "9"]
[EventType "swiss"]
[EventDate "2012.05.26"]

1. e4 e5 2. Nf3 Nf6 3. Nxe5 Nxe4 4. Qe2 Qe7 5. Qxe4 d6 6. d4 dxe5 7. dxe5 Nc6
8. Bb5 Bd7 9. O-O O-O-O 10. Bf4 g5 11. Be3 f5 12. Qa4 a6 13. Bxa6 bxa6 14.
Qxa6+ Kb8 15. Qb5+ Kc8 16. Rd1 Qb4 17. Qa6+ Qb7 18. Qxb7+ Kxb7 19. Bxg5 Be7 20.
Bxe7 Nxe7 21. Nc3 Ng6 22. Rd4 Nxe5 23. Re1 Rde8 24. Kf1 Bc6 25. Rf4 Rhg8 26. f3
Rgf8 27. Kf2 h5 28. b4 Bd7 29. Rd4 Ng4+ 30. Kf1 Nxh2+ 31. Kf2 Ng4+ 32. Kf1
Rxe1+ 33. Kxe1 Nf6 34. Kf2 Rc8 35. Rc4 c6 36. Rc5 Kc7 37. Nb5+ Kd8 38. Nd6 Ra8
39. Nxf5 Rxa2 40. Nd4 Kc7 41. Kg3 Nd5 42. b5 h4+ 43. Kxh4 Ra4 44. c4 Ne3 45.
bxc6 Nxg2+ 46. Kg3 Ne3 47. Nb5+ Kb6 48. cxd7 Ra8 49. Rc8 1-0

[Event "DEM U14 2012"]
[Site "Oberhof GER"]
[Date "2012.06.01"]
[Round "8"]
[White "Richter, Leonard"]
[Black "Janke, Hendrik"]
[Result "1-0"]
[Termination "normal"]
[Board "8"]
[WhiteElo "1913"]
[BlackElo "1753"]
[PlyCount "87"]
[WhiteFideId "12900290"]
[BlackFideId "12921831"]
[EventCountry "GER"]
[EventRounds "9"]
[EventType "swiss"]
[EventDate "2012.05.26"]

1. e4 Nf6 2. e5 Nd5 3. d4 d6 4. Nf3 Bg4 5. Be2 Nb6 6. O-O g6 7. exd6 cxd6 8.
Be3 Bg7 9. c4 O-O 10. Qb3 Qc8 11. Nbd2 Na6 12. Rac1 Nd7 13. h3 Be6 14. Qa3 Nf6
15. Rfe1 Qe8 16. b4 Nc7 17. Nb3 d5 18. c5 Bd7 19. Bf4 Nb5 20. Qb2 Ne4 21. Bh2
Bh6 22. Rc2 Bf5 23. a4 Nbc3 24. Rxc3 Nxc3 25. Qxc3 Qxa4 26. Ra1 Qd7 27. Ne5 Qc8
28. Bf3 f6 29. Ng4 Bxg4 30. Bxg4 f5 31. Bf3 Qd7 32. Be5 Bg7 33. Bxg7 Kxg7 34.
Be2 a6 35. Nd2 e6 36. Nf3 Rfc8 37. Ne5 Qc7 38. Bd1 b6 39. c6 Qd6 40. Be2 b5 41.
Ra5 Kg8 42. Qa3 Rxc6 43. Nxc6 Qxc6 44. Bxb5 1-0

[Event "DEM U14 2012"]
[Site "Oberhof GER"]
[Date "2012.06.01"]
[Round "8"]
[White "Herzum, Peter"]
[Black "Schmidt, Tobias"]
[Result "1-0"]
[Termination "normal"]
[Board "9"]
[WhiteElo "1783"]
[BlackElo "1735"]
[PlyCount "55"]
[WhiteFideId "12919217"]
[BlackFideId "1271683"]
[EventCountry "GER"]
[EventRounds "9"]
[EventType "swiss"]
[EventDate "2012.05.26"]

1. e4 e6 2. d4 d5 3. Nc3 Bb4 4. Nge2 dxe4 5. a3 Be7 6. Nxe4 Nf6 7. Nxf6+ Bxf6
8. Be3 b6 9. Qd2 Bb7 10. O-O-O Nd7 11. Nf4 O-O 12. Nh5 Be7 13. Bd3 Rc8 14. Qe2
Nf6 15. h4 Nxh5 16. Qxh5 g6 17. Qg4 Bf6 18. h5 Qe7 19. hxg6 fxg6 20. Bh6 Rfe8
21. Rde1 Qd7 22. Be3 c5 23. dxc5 bxc5 24. Rh6 Bd5 25. Reh1 Re7 26. Bxg6 Qb7 27.
Bxh7+ Kh8 28. Bg8+ 1-0

[Event "DEM U14 2012"]
[Site "Oberhof GER"]
[Date "2012.06.01"]
[Round "8"]
[White "Flüchter, Gregor"]
[Black "Perske, Thore"]
[Result "0-1"]
[Termination "normal"]
[Board "10"]
[WhiteElo "1961"]
[BlackElo "2073"]
[PlyCount "112"]
[WhiteFideId "12903396"]
[BlackFideId "12902195"]
[EventCountry "GER"]
[EventRounds "9"]
[EventType "swiss"]
[EventDate "2012.05.26"]

1. e4 e6 2. d4 d5 3. exd5 exd5 4. Nf3 Bd6 5. c4 c6 6. Nc3 Ne7 7. Bd3 Nd7 8. O-O
O-O 9. Re1 dxc4 10. Bxc4 Nb6 11. Bb3 Bg4 12. Bg5 Qc7 13. h3 Bh5 14. Rc1 Rfe8
15. d5 Rad8 16. Qe2 Qb8 17. Ne4 Bxf3 18. gxf3 cxd5 19. Nxd6 Rxd6 20. Bxe7 Re6
21. Qb5 R8xe7 22. Red1 Rg6+ 23. Kh1 h6 24. Bxd5 Nxd5 25. Qxd5 Rg5 26. Qd4 Qe5
27. Qxe5 Rgxe5 28. Rd2 g6 29. Kg2 Kg7 30. Rc3 Re1 31. f4 R1e2 32. Rcc2 R2e4 33.
Kf3 Ra4 34. b3 Rae4 35. Re2 Rxe2 36. Rxe2 Rxe2 37. Kxe2 Kf6 38. Ke3 Kf5 39. Kf3
h5 40. Ke3 f6 41. Kf3 g5 42. fxg5 fxg5 43. b4 b5 44. Kg3 h4+ 45. Kf3 a6 46. a3
g4+ 47. Kg2 Kf4 48. Kh2 Kf3 49. hxg4 Kxg4 50. Kg2 h3+ 51. Kh2 Kf3 52. Kxh3 Kxf2
53. Kg4 Ke3 54. Kf5 Kd4 55. Ke6 Kc4 56. Kd6 Kb3 0-1